| 000 | 00000nam##2200000za#4500 |
| 001 | 9.575211 |
| 003 | CaOODSP |
| 005 | 20210624184544 |
| 007 | cr ||||||||||| |
| 008 | 150406|1986||||xxc|||||o f|0| 0 eng|d |
| 040 | |aCaOODSP|beng |
| 043 | |an-cn--- |
| 086 | 1 |aFs97-17/25E-PDF |
| 110 | 1 |aCanada. |bDepartment of Fisheries and Oceans. |
| 245 | 10|aTidal propagation measurements in Baffin Bay, Lancaster Sound and Nares Strait / |h[electronic resource]|cby P. Greisman ... [et al.] |
| 260 | |aDartmouth - Nova Scotia : |bFisheries and Oceans Canada |cc1986. |
| 300 | |a558p.|bfigs., references, tables |
| 490 | 1 |aCanadian contractor report of hydrography and ocean sciences|vNo. 25 |
| 500 | |aThe catalogue number and ISSN for the print edition appear in this electronic version. |
| 546 | |a(Résumé en français). |
| 590 | |a12-39-Supp|b2012-10-11 |
| 720 | 1 |aGreisman, Paul |
| 830 | #0|aCanadian contractor report of hydrography and ocean sciences ;|vNo. 25|w(CaOODSP)9.506655 |
| 856 | 40|ahttp://publications.gc.ca|qPDF|s14.07 MB|uhttps://publications.gc.ca/collections/collection_2012/mpo-dfo/Fs97-17-25-eng.pdf|yNo. 25 |